Correlates of perceiving a need for treatment among adults with substance use disorder: Results from a National Survey

Gespeichert in:  
Bibliographische Detailangaben
VerfasserInnen: Hedden, Sarra L. (Verfasst von) ; Gfroerer, Joseph 1954- (Verfasst von)
Medienart: Elektronisch Aufsatz
Sprache:Englisch
Veröffentlicht: 2011
In: Addictive behaviors
Jahr: 2011, Band: 36, Heft: 12, Seiten: 1213
Online-Zugang: Volltext (lizenzpflichtig)
Verfügbarkeit prüfen: HBZ Gateway

MARC

LEADER 00000caa a22000002c 4500
001 1912494132
003 DE-627
005 20250122054944.0
007 cr uuu---uuuuu
008 241217s2011 xx |||||o 00| ||eng c
024 7 |a 10.1016/j.addbeh.2011.07.026  |2 doi 
035 |a (DE-627)1912494132 
035 |a (DE-599)KXP1912494132 
040 |a DE-627  |b ger  |c DE-627  |e rda 
041 |a eng 
084 |a 2,1  |2 ssgn 
100 1 |a Hedden, Sarra L.  |e VerfasserIn  |4 aut 
245 1 0 |a Correlates of perceiving a need for treatment among adults with substance use disorder: Results from a National Survey 
264 1 |c 2011 
336 |a Text  |b txt  |2 rdacontent 
337 |a Computermedien  |b c  |2 rdamedia 
338 |a Online-Ressource  |b cr  |2 rdacarrier 
700 1 |a Gfroerer, Joseph  |d 1954-  |e VerfasserIn  |0 (DE-588)1177156881  |0 (DE-627)1048597687  |0 (DE-576)517313189  |4 aut 
773 0 8 |i Enthalten in  |t Addictive behaviors  |d Amsterdam [u.a.] : Elsevier Science, 1975  |g 36(2011), 12, Seite 1213  |h Online-Ressource  |w (DE-627)320500810  |w (DE-600)2012189-1  |w (DE-576)094085684  |x 1873-6327  |7 nnas 
773 1 8 |g volume:36  |g year:2011  |g number:12  |g pages:1213 
787 0 8 |i Forschungsdaten  |a United States Department of Health and Human Services. Substance Abuse and Mental Health Services Administration. Office of Applied Studies  |t National Survey on Drug Use and Health, 2009  |d [Erscheinungsort nicht ermittelbar] : [Verlag nicht ermittelbar], 2010  |w (DE-627)184004523X 
787 0 8 |i Forschungsdaten  |a United States Department of Health and Human Services. Substance Abuse and Mental Health Services Administration. Office of Applied Studies  |t National Survey on Drug Use and Health, 2008  |d [Erscheinungsort nicht ermittelbar] : [Verlag nicht ermittelbar], 2009  |w (DE-627)1840045248 
787 0 8 |i Forschungsdaten  |a United States Department of Health and Human Services. Substance Abuse and Mental Health Services Administration. Office of Applied Studies  |t National Survey on Drug Use and Health, 2007  |d [Erscheinungsort nicht ermittelbar] : [Verlag nicht ermittelbar], 2008  |w (DE-627)1840045256 
787 0 8 |i Forschungsdaten  |a United States Department of Health and Human Services. Substance Abuse and Mental Health Services Administration. Office of Applied Studies  |t National Survey on Drug Use and Health, 2006  |d [Erscheinungsort nicht ermittelbar] : [Verlag nicht ermittelbar], 2007  |w (DE-627)1840048182 
787 0 8 |i Forschungsdaten  |a United States Department of Health and Human Services. Substance Abuse and Mental Health Services Administration. Office of Applied Studies  |t National Survey on Drug Use and Health, 2005  |d [Erscheinungsort nicht ermittelbar] : [Verlag nicht ermittelbar], 2006  |w (DE-627)1840045264 
856 4 0 |u https://doi.org/10.1016/j.addbeh.2011.07.026  |x Resolving-System  |z lizenzpflichtig  |3 Volltext  |7 1 
935 |a mkri 
951 |a AR 
ELC |a 1 
LOK |0 000 xxxxxcx a22 zn 4500 
LOK |0 001 463745963X 
LOK |0 003 DE-627 
LOK |0 004 1912494132 
LOK |0 005 20241217044248 
LOK |0 008 241217||||||||||||||||ger||||||| 
LOK |0 035   |a (DE-2619)ICPSR99297 
LOK |0 040   |a DE-2619  |c DE-627  |d DE-2619 
LOK |0 092   |o n 
LOK |0 852   |a DE-2619 
LOK |0 852 1  |9 00 
LOK |0 935   |a nacp 
LOK |0 939   |a 17-12-24  |b l01 
ORI |a SA-MARC-krimdoka001.raw